| 000 | 00560nam a2200169Ia 4500 | ||
|---|---|---|---|
| 008 | 090711s9999 xx 000 0 und d | ||
| 082 | _b77673 | ||
| 100 | _aSाोडणकर अ. आ. | ||
| 245 | _aनामदार जगन्नाथ शकरशेट | ||
| 260 | _c1995 | ||
| 300 | _a176 | ||
| 600 | _aSाोडणकर अ. आ. | ||
| 630 | _aनामदार जगन्नाथ शकरशेट | ||
| 700 | _aSाोडणकर अ. आ. | ||
| 730 | _aनामदार जगन्नाथ शकरशेट | ||
| 942 | _cBOOK | ||
| 999 |
_c331970 _d331970 |
||